_PC Networking for Your Small Business (Record no. 8470)
[ view plain ]
| 000 -LEADER | |
|---|---|
| fixed length control field | 00375nam a2200133Ia 4500 |
| 008 - FIXED-LENGTH DATA ELEMENTS--GENERAL INFORMATION | |
| fixed length control field | 151021s9999 xx 000 0 und d |
| 050 ## - LIBRARY OF CONGRESS CALL NUMBER | |
| Classification number | HF 5548 .2 .S534 2007 |
| 245 ## - TITLE STATEMENT | |
| Title | _PC Networking for Your Small Business |
| 260 ## - PUBLICATION, DISTRIBUTION, ETC. (IMPRINT) | |
| Place of publication, distribution, etc. | London Teach Yourself 2007 |
| 300 ## - PHYSICAL DESCRIPTION | |
| Extent | xii;239p. |
| 500 ## - GENERAL NOTE | |
| General note | Inludes Index |
| 650 ## - SUBJECT ADDED ENTRY--TOPICAL TERM | |
| Topical term or geographic name as entry element | _Networking |
| 980 ## - EQUIVALENCE OR CROSS-REFERENCE-SERIES STATEMENT--PERSONAL NAME/TITLE [LOCAL, CANADA] | |
| Personal name | ^d20120113 02:40:39^okorir |
No items available.